000
00354nam a2200157Ia 4500
005
20250603145813.0
008
250603s9999 xx 000 0 und d
020
_a
0- 13- 880385- 4
050
_a
TA342.035/
100
_a
Katsuhiko Ogata
245
0
_a
System dynamics
260
_b
Prentice- Hall
260
_c
1978
300
_a
596 p
942
_c
BK
999
_c
42903
_d
42903